header

Control of cutting vibration and machining instability (Record no. 220279)

MARC details
000 -LEADER
fixed length control field 02093nam a2200397 a 4500
082 04 - DEWEY DECIMAL CLASSIFICATION NUMBER
Classification number 671.3/5
100 1# - MAIN ENTRY--AUTHOR NAME
Personal name Suh, C. Steve.
245 10 - TITLE STATEMENT
Title Control of cutting vibration and machining instability
260 ## - PUBLICATION, DISTRIBUTION, ETC. (IMPRINT)
Place of publication Chichester, West Sussex, U.K. :
Name of publisher John Wiley & Sons, Inc.,
Year of publication 2013.
300 ## - PHYSICAL DESCRIPTION
Number of Pages xi, 248 p. :
Other physical details ill.
505 0# - FORMATTED CONTENTS NOTE
Formatted contents note Cutting Dynamics and Machining Instability -- Basic Physical Principles -- Adaptive Filters and Filtered-x LMS Algorithm -- Time-Frequency Analysis -- Wavelet Filter Banks -- Temporal and Spectral Characteristics of Dynamic Instability -- Simultanous Time-Frequency Control of Dynamic Instability -- Time-Frequency Control of Milling Instability and Chatter at High Speed -- Multi-Dimensional Time-Frequency Control of Micro-Milling Instability -- Time-Frequency Friction Induced Instability -- Synchronization of Chaos in Simultaneous Time-Frequency Domain -- Appendix.
650 #0 - SUBJECT ADDED ENTRY--TOPICAL TERM
Topical Term Cutting
Topical Term Machine-tools
Topical Term Machining.
Topical Term Machinery, Dynamics of.
Topical Term Time-series analysis.
Topical Term Microtechnology.
Topical Term Nanotechnology.
700 1# - ADDED ENTRY--PERSONAL NAME
Personal name Liu, Meng-Kun.
856 40 - ELECTRONIC LOCATION AND ACCESS
Uniform Resource Identifier http://site.ebrary.com/lib/rucke/Doc?id=10748724

No items available.

© 2026 Rongo University
Contact us: librarian | system librarian | Rongo university